000 00719cas a22002415a 4500
001 L137967
008 070510d19912002xxkmr p 0 a0eng d
022 1 _a0964-3311
035 _a(Sirsi) u137967
041 0 _aeng
110 2 _aRoyal Institution of Chartered Surveyors
_94900
240 1 _aCS Monthly
240 1 _aCSM
245 0 0 _aChartered Surveyor Monthly
260 _aLondon
_bRICS Journals Ltd.
_c1991-2002
362 0 _aLondon: September 1991-July/August 2002
362 0 _aEdinburgh: September 1991-July/August 2002
554 _a12 per year
651 4 _aUnited Kingdom
_y
690 _aMANAGEMENT-BUSINESS MANAGEMENT-PROFESSIONAL PRACTICE
785 0 0 _tRICS Business
_x0964-3311
942 _n0
999 _c118924
_d118924